000 00434nam a2200169Ia 4500
008 230711s9999||||xx |||||||||||||| ||und||
020 _a978-93-5024-759-4
041 _aENG
082 _a658
_bBH-L
100 _aBhat,K Shridhara
245 0 _aLogistics and supply chain management
250 _a1st Ed.
260 _c2012
_aMumbai
_bHimalaya Publishing House
300 _a598
650 _aUNIVESITY BUSNIESS SCHOOL
942 _cBK
999 _c5590
_d5590